LEGO DC Universe super heroes phonics book : (Record no. 9913)

MARC details
000 -LEADER
fixed length control field 01369nam a22002897a 4500
001 - CONTROL NUMBER
control field 9913
003 - CONTROL NUMBER IDENTIFIER
control field FISKH
005 - DATE AND TIME OF LATEST TRANSACTION
control field 20260316122150.0
008 - FIXED-LENGTH DATA ELEMENTS--GENERAL INFORMATION
fixed length control field 260316b cb ||||| |||| 00| 0 eng d
020 ## - INTERNATIONAL STANDARD BOOK NUMBER
International Standard Book Number 9780545552622
040 ## - CATALOGING SOURCE
Original cataloging agency FISKH
Language of cataloging eng
Transcribing agency FISKH
Modifying agency FISKH
082 ## - DEWEY DECIMAL CLASSIFICATION NUMBER
Classification number 100
100 ## - MAIN ENTRY--PERSONAL NAME
Personal name Lee , Quinlan B
245 ## - TITLE STATEMENT
Title LEGO DC Universe super heroes phonics book :
Remainder of title Workbook #2 by /
Statement of responsibility, etc. Written By Quinlan B. Lee : Illustrated by Dave White
250 ## - EDITION STATEMENT
Edition statement First printing , January 2014
260 ## - PUBLICATION, DISTRIBUTION, ETC.
Place of publication, distribution, etc. New Youk :
Name of publisher, distributor, etc. Scholastic ,
Date of publication, distribution, etc. 2014 .
300 ## - PHYSICAL DESCRIPTION
Extent 16 pages :
Other physical details color illustrations ;
Dimensions 19 cm .
490 ## - SERIES STATEMENT
Series statement LEGO DC Universe Super Heroes Phonics Book
Volume/sequential designation Workbook 2
505 ## - FORMATTED CONTENTS NOTE
Formatted contents note J <br/>
520 ## - SUMMARY, ETC.
Summary, etc. LEGO DC Universe Super Heroes Phonics Book: Workbook #2 is a children’s phonics activity book that helps beginning readers practice reading skills using familiar LEGO DC Super Heroes characters like Superman, Batman, and Wonder Woman. The workbook focuses on phonics — especially vowel sounds — through fun exercises and engaging practice activities, helping young learners strengthen their understanding of how sounds relate to letters and words.
521 8# - TARGET AUDIENCE NOTE
Target audience note 500 <br/>
Source Lexile estimate <br/>
521 8# - TARGET AUDIENCE NOTE
Target audience note J <br/>
Source Raz-Plus <br/>
650 ## - SUBJECT ADDED ENTRY--TOPICAL TERM
Topical term or geographic name entry element Phonics-Long Vowel
Form subdivision Non-fiction
700 ## - ADDED ENTRY--PERSONAL NAME
Personal name White , Dave
Relator term Illustrator
942 ## - ADDED ENTRY ELEMENTS (KOHA)
Source of classification or shelving scheme Dewey Decimal Classification
Koha item type Books
Suppress in OPAC No
Holdings
Withdrawn status Lost status Source of classification or shelving scheme Damaged status Not for loan Collection Home library Current library Shelving location Date acquired Total Checkouts Full call number Barcode Date last seen Price effective from Koha item type
    Dewey Decimal Classification     Non-Fiction Footprints International School Library Network Toul Tom Poung Campus Footprints International School Library Network Toul Tom Poung Campus TTP Primary Dark Blue Bookshelves 03/16/2026   LEE 100 FISBK073264 03/16/2026 03/16/2026 Books